<?xml version="1.0" encoding="UTF-8"?>
<record
    xmlns:xsi="http://www.w3.org/2001/XMLSchema-instance"
    xsi:schemaLocation="http://www.loc.gov/MARC21/slim http://www.loc.gov/standards/marcxml/schema/MARC21slim.xsd"
    xmlns="http://www.loc.gov/MARC21/slim">

  <leader>02032nam a2200409 a 4500</leader>
  <controlfield tag="003">CHAP</controlfield>
  <controlfield tag="005">20240130140856.0</controlfield>
  <controlfield tag="007">ta</controlfield>
  <controlfield tag="008">231116s2019    sp ado|fr|||| 001 0 spa d</controlfield>
  <datafield tag="020" ind1=" " ind2=" ">
    <subfield code="a">978-84-17640-93-4</subfield>
  </datafield>
  <datafield tag="040" ind1=" " ind2=" ">
    <subfield code="a">Z</subfield>
    <subfield code="c">CHAP</subfield>
    <subfield code="e">rda</subfield>
  </datafield>
  <datafield tag="082" ind1="0" ind2="0">
    <subfield code="a">636.4083</subfield>
    <subfield code="b">A93 2019</subfield>
    <subfield code="2">20</subfield>
  </datafield>
  <datafield tag="245" ind1="0" ind2="0">
    <subfield code="a">Avances en porcicultura: </subfield>
    <subfield code="b">claves de futuro /</subfield>
    <subfield code="c">coordinador Emilio Magall&#xF3;n; Jos&#xE9; Luis Noguera [y nueve m&#xE1;s], ilustrador Jacob Gragera Artal</subfield>
  </datafield>
  <datafield tag="264" ind1=" " ind2="1">
    <subfield code="a">Zaragoza, Espa&#xF1;a:  </subfield>
    <subfield code="b">Grupo As&#xED;s Biomedia. Servet, </subfield>
    <subfield code="c">2019</subfield>
  </datafield>
  <datafield tag="300" ind1=" " ind2=" ">
    <subfield code="a">xii,194 p&#xE1;ginas:</subfield>
    <subfield code="b">ilustraciones a color, gr&#xE1;ficas, tablas, fotograf&#xED;as</subfield>
  </datafield>
  <datafield tag="336" ind1=" " ind2=" ">
    <subfield code="2">rdacontent</subfield>
    <subfield code="a">texto</subfield>
    <subfield code="b">txt</subfield>
  </datafield>
  <datafield tag="337" ind1=" " ind2=" ">
    <subfield code="2">rdamedia</subfield>
    <subfield code="a">sin medio</subfield>
    <subfield code="b">n</subfield>
  </datafield>
  <datafield tag="338" ind1=" " ind2=" ">
    <subfield code="2">rdacarrier</subfield>
    <subfield code="a">volumen</subfield>
    <subfield code="b">nc</subfield>
  </datafield>
  <datafield tag="500" ind1=" " ind2=" ">
    <subfield code="a">ej.1: consumo</subfield>
  </datafield>
  <datafield tag="504" ind1=" " ind2=" ">
    <subfield code="a">Bibliograf&#xED;a: p&#xE1;ginas 188 - 193</subfield>
  </datafield>
  <datafield tag="505" ind1="0" ind2=" ">
    <subfield code="a">1. Introducci&#xF3;n.-- 2. Avances en la mejora gen&#xE9;tica porcina.-- 3. Big data e inteligencia artificial.-- Nuevos sistemas de producci&#xF3;n.-- 4. Nuevos sistemas de producci&#xF3;n.-- 5. Avances tecnol&#xF3;gicos en granjas de reproducci&#xF3;n.-- 6. Gesti&#xF3;n y control de cebaderos autom&#xE1;ticos.-- 7. La alimentaci&#xF3;n porcina en el futuro.-- 8. Avances en sanidad y control de enfermedades.-- 9. Econom&#xED;a circular y granjas con eficiencia energ&#xE9;tica.-- 10. Gesti&#xF3;n de personal en las granjas del futuro.-- Bibliograf&#xED;a.</subfield>
  </datafield>
  <datafield tag="520" ind1=" " ind2=" ">
    <subfield code="a">Esta obra muestra los avances tecnol&#xF3;gicos y de gesti&#xF3;n que se est&#xE1;n desarrollando en las explotaciones porcinas con el objetivo de optimizar su eficiencia.</subfield>
  </datafield>
  <datafield tag="534" ind1=" " ind2=" ">
    <subfield code="p">T&#xED;tulo original:</subfield>
  </datafield>
  <datafield tag="650" ind1="1" ind2="0">
    <subfield code="9">145701</subfield>
    <subfield code="a">Cerdos </subfield>
    <subfield code="x"> Cr&#xED;a y explotaci&#xF3;n</subfield>
  </datafield>
  <datafield tag="650" ind1="1" ind2="7">
    <subfield code="9">50413</subfield>
    <subfield code="a">Granjas porcinas</subfield>
  </datafield>
  <datafield tag="650" ind1="1" ind2="3">
    <subfield code="9">142779</subfield>
    <subfield code="a">Adopci&#xF3;n de innovaciones</subfield>
  </datafield>
  <datafield tag="650" ind1="1" ind2="3">
    <subfield code="9">146311</subfield>
    <subfield code="a">Tecnolog&#xED;a de producci&#xF3;n</subfield>
  </datafield>
  <datafield tag="700" ind1="1" ind2=" ">
    <subfield code="9">188055</subfield>
    <subfield code="a">Magall&#xF3;n Botaya, Emilio</subfield>
    <subfield code="e">coordinador</subfield>
  </datafield>
  <datafield tag="700" ind1="1" ind2=" ">
    <subfield code="9">188285</subfield>
    <subfield code="a">Noguera, Jos&#xE9; Luis</subfield>
    <subfield code="e">colaborador</subfield>
  </datafield>
  <datafield tag="700" ind1="1" ind2=" ">
    <subfield code="9">185920</subfield>
    <subfield code="a">Gragera Artal, Jacob</subfield>
    <subfield code="e">ilustrador</subfield>
  </datafield>
  <datafield tag="942" ind1=" " ind2=" ">
    <subfield code="2">ddc</subfield>
  </datafield>
  <datafield tag="942" ind1=" " ind2=" ">
    <subfield code="2">ddc</subfield>
  </datafield>
  <datafield tag="942" ind1=" " ind2=" ">
    <subfield code="2">ddc</subfield>
  </datafield>
  <datafield tag="942" ind1=" " ind2=" ">
    <subfield code="2">ddc</subfield>
  </datafield>
  <datafield tag="942" ind1=" " ind2=" ">
    <subfield code="2">ddc</subfield>
  </datafield>
  <datafield tag="942" ind1=" " ind2=" ">
    <subfield code="c">LIBRO</subfield>
  </datafield>
  <datafield tag="999" ind1=" " ind2=" ">
    <subfield code="c">219419</subfield>
    <subfield code="d">219419</subfield>
  </datafield>
  <datafield tag="952" ind1=" " ind2=" ">
    <subfield code="0">0</subfield>
    <subfield code="1">0</subfield>
    <subfield code="2">ddc</subfield>
    <subfield code="4">0</subfield>
    <subfield code="5">1</subfield>
    <subfield code="7">0</subfield>
    <subfield code="8">GRAL</subfield>
    <subfield code="a">Z</subfield>
    <subfield code="b">Z</subfield>
    <subfield code="d">2021-12-31</subfield>
    <subfield code="e">Compra por licitaci&#xF3;n Factura n. 237</subfield>
    <subfield code="g">2129.00</subfield>
    <subfield code="i">Consumo</subfield>
    <subfield code="l">0</subfield>
    <subfield code="o">636.4083 A93 2019</subfield>
    <subfield code="p">5102007402</subfield>
    <subfield code="r">2023-11-17 00:00:00</subfield>
    <subfield code="t">Ej.1</subfield>
    <subfield code="w">2023-11-17</subfield>
    <subfield code="y">LIBRO</subfield>
  </datafield>
</record>
